ბათუმის შოთა რუსთაველის სახელმწიფო უნივერსიტეტის ბიბლიოთეკა

კრიმინოლოგი = criminologist : (ბიბ.ჩანაწერი № 57815)

000 -LEADER
fixed length control field 00984nam a22001817a 4500
005 - DATE AND TIME OF LATEST TRANSACTION
control field 20210121123925.0
008 - FIXED-LENGTH DATA ELEMENTS--GENERAL INFORMATION
fixed length control field 201217s2020 ge ||||| |||| 00| 0 geo d
022 ## - INTERNATIONAL STANDARD SERIAL NUMBER
International Standard Serial Number 15123804
041 ## - LANGUAGE CODE
Language code of text/sound track or separate title geo
245 ## - TITLE STATEMENT
Title კრიმინოლოგი = criminologist :
Remainder of title საერთაშორისო სამართლის-პრაქტიკული ჟურნალი. 2020 /
Statement of responsibility, etc. მთავ.რედ. მალხაზ ბაძაღუა.
260 ## - PUBLICATION, DISTRIBUTION, ETC.
Place of publication, distribution, etc. თბილისი :
Name of publisher, distributor, etc. გრიგოლ რობაქიძის სახ. ინ-ტის სამართლისა და კრიმინოლოგიის სამეცნ. კვლევ. ინ-ტი,
Date of publication, distribution, etc. 2020.
300 ## - PHYSICAL DESCRIPTION
Extent V.
Other physical details
653 ## - INDEX TERM--UNCONTROLLED
Uncontrolled term სამართალი
653 ## - INDEX TERM--UNCONTROLLED
Uncontrolled term კრიმინოლოგია
653 ## - INDEX TERM--UNCONTROLLED
Uncontrolled term პერიოდიკა
700 ## - ADDED ENTRY--PERSONAL NAME
Personal name ბაძაღუა,მალხაზ
9 (RLIN) 9931
Relator term მთ. რედაქტორი
942 ## - ADDED ENTRY ELEMENTS (KOHA)
Source of classification or shelving scheme
Koha item type წიგნი
ეგზემპლარები
Withdrawn status Lost status Source of classification or shelving scheme Damaged status Not for loan Permanent Location Current Location Shelving location Date acquired Serial Enumeration / chronology Barcode Date last seen Copy number Price effective from Koha item type
          ბათუმის შოთა რუსთაველის სახელმწიფო უნივერსიტეტის მთავარი ბიბლიოთეკა ბათუმის შოთა რუსთაველის სახელმწიფო უნივერსიტეტის მთავარი ბიბლიოთეკა წიგნსაცავი 2020-12-17 (#1) (15) (2020) p80693 2020-12-17 p80693 2020-12-17 წიგნი
          ბათუმის შოთა რუსთაველის სახელმწიფო უნივერსიტეტის მთავარი ბიბლიოთეკა ბათუმის შოთა რუსთაველის სახელმწიფო უნივერსიტეტის მთავარი ბიბლიოთეკა წიგნსაცავი 2020-12-17 (#1) (15) (2020) 80694 2020-12-17 80694 2020-12-17 წიგნი